000 00676nam a22002297a 4500
999 _c160916
_d160916
005 20190216164423.0
006 a|||||f|||| 00| 0
007 tc
008 180720b xxu||||| |||| 00| 0 eng d
010 _aBR-003112
020 _c05.00
035 _aBR-003112
037 _bA.I.C.B.
082 _aS
100 _aRoy, Dipanwita
245 _aPunti's Wedding
_cby Dipanwuta Roy
260 _aNew Delhi
_bA.C.I.B.
_cN.D.
270 _aSector-5, Rohini,
_bNew Delhi
_e110085
300 _avarious pages.
_c30cm(HB).
942 _2ddc
_cBRLEN
_hS
_mROY